| 000 | 02114nam a22003377a 4500 | ||
|---|---|---|---|
| 005 | 20180219151950.0 | ||
| 010 | _aHIN- 84700 BPPD-H985 B-297933-936 B-525439-442 | ||
| 020 |
_a8170160669 _c180.00 |
||
| 035 | _aHN-57046 B-297933-936 B-525439-442 | ||
| 035 | _a B-685220 | ||
| 037 | _bDPL/STAR | ||
| 037 | _bकिताबघर प्रकाशन | ||
| 082 | _a850.92 | ||
| 100 | _aअमृता प्रीतम | ||
| 245 |
_aरसीदी टिकट / _cअमृता प्रीतम |
||
| 246 |
_aRasiidii ticket _bby Amrita Pritam |
||
| 260 |
_aनई दिल्ली _bकिताबघर प्रकाशन _c2015 |
||
| 270 |
_a24, अंसारी रोड, दरियागंज _bनई दिल्ली _e110002 |
||
| 300 |
_a139 पृ _c21 से.मी (सजिल्द) |
||
| 520 | _aHN2013-14 | ||
| 600 | _aअमृता प्रीतम, 1919-2005. | ||
| 600 | _aAmrita Pritam, 1919-2005. | ||
| 650 |
_aलेखक, पंजाबी _xजीवनी _y20वीं शताब्दी |
||
| 650 |
_aAuthors, Punjabi. _xBiography _y20th century |
||
| 650 |
_aलेखक, हिन्दी _xजीवनी _y20वीं शताब्दी |
||
| 650 |
_aAuthors, Hindi. _xBiography. _y20th century. |
||
| 942 |
_adpl _cHN _2ddc _h850.92 _mअमृता _kअमृता |
||
| 999 |
_c12717 _d12717 |
||